Countries closest to Monaco - Statistics

General Stats
  • This quiz has been taken 60 times
  • The average score is 17 of 20
Answer Stats
km mi Country % Correct
0 0 France
100%
8 5 Italy
100%
369 229 Spain
95%
404 251 Austria
91%
422 262 Germany
89%
236 147 Switzerland
89%
477 296 Andorra
88%
656 408 Belgium
86%
402 250 Liechtenstein
86%
401 249 San Marino
86%
525 326 Slovenia
86%
458 284 Vatican City
86%
787 489 Netherlands
84%
641 398 Luxembourg
82%
515 320 Croatia
80%
739 459 Algeria
79%
673 418 Bosnia and Herzegovina
77%
742 461 Czech Republic
75%
698 434 Tunisia
75%
765 475 Hungary
70%
No matching quizzes found
Score Distribution
Percent of People with Each Score
Percentile by Number Answered
Your Score History
You have not taken this quiz